LEADER 00976nam 2200313 450 001 9910773204503321 005 20230814185747.0 035 $a(CKB)5670000000612549 035 $a(NjHacI)995670000000612549 035 $a(EXLCZ)995670000000612549 100 $a20230814d1953 uy 0 101 0 $aeng 135 $aur||||||||||| 181 $ctxt$2rdacontent 182 $cc$2rdamedia 183 $acr$2rdacarrier 200 10$a1953 Amendments to the Yugoslav Constitution /$fB. Maksimovich 210 1$aWashington, District of Columbia :$cForeign Law Section, Law Library, Library of Congress,$d1953. 215 $a1 online resource (4 pages) 606 $aConstitutional amendments 615 0$aConstitutional amendments. 676 $a025 700 $aMaksimovich$b B.$01461136 801 0$bNjHacI 801 1$bNjHacl 906 $aBOOK 912 $a9910773204503321 996 $a1953 Amendments to the Yugoslav Constitution$93663886 997 $aUNINA